000 00320nam a22001217a 4500
008 240730b |||||||| |||| 00| 0 eng d
020 _a9789332568839
100 _aBhargava, rajeev
245 _aAn introduction to Political Theory
260 _aIndia
_bFirst Impression
_c2016
300 _axiv, 257p.
_c17cm
942 _2ddc
999 _c9924
_d9925